Data mining - novel statistical method

Filozofia dolovania dát. Metodológia dolovania dát. Využitie dolovania dát. Aplikácia intervalovej re-kalibrácie.

Gespeichert in:
Bibliographische Detailangaben
1. Verfasser: Horníková, Adriana
Weitere Verfasser: Durakbasa, Numan M., Güclü, Erol, Bas, Gokcen
Format: Buchkapitel
Sprache:Englisch
Schlagworte:
Tags: Tag hinzufügen
Keine Tags, Fügen Sie das erste Tag hinzu!

MARC

LEADER 00000naa$a2200000$$$4500
001 0130263
005 20240613074449.6
041 0 |a eng 
044 |a SK 
245 1 0 |a Data mining - novel statistical method  |c Adriana Horníková, Numan M. Durakbasa, Erol Güclü, Göcken Bas 
520 |a Filozofia dolovania dát. Metodológia dolovania dát. Využitie dolovania dát. Aplikácia intervalovej re-kalibrácie. 
610 2 0 |a dolovanie dát 
610 2 0 |a štatistika aplikovaná 
610 2 0 |a metódy štatistické 
610 2 0 |a metodológia 
610 2 0 |a klaster 
100 1 |a Horníková, Adriana 
700 1 |a Durakbasa, Numan M. 
700 1 |a Güclü, Erol 
700 1 |a Bas, Gokcen